| 000 | 02623nam0a2200397 4500 | ||
|---|---|---|---|
| 001 | RU\NLR\BIBL_A\022337379 | ||
| 005 | 20260420015124.0 | ||
| 010 |
_a978-5-7782-5188-5 _950 |
||
| 021 |
_aRU _bКН-П-24-042512 _9КН-П-24-4225 |
||
| 035 | _a(NLR Aleph) 022337379 | ||
| 090 |
_a13666002 _c13666002 |
||
| 100 | _a20241001d2024 u y0rusy50 ca | ||
| 101 | 0 | _arus | |
| 102 | _aRU | ||
| 105 | _aa|||j|||000yy | ||
| 181 | 0 |
_ai _baxxe |
|
| 182 | 0 | _an | |
| 200 | 1 |
_aЗдоровье сотрудников и обеспечение безопасности труда в организациях _eучебное пособие _eдля студентов очного и заочного обучения направления подготовки 20.03.01 "Техносферная безопасность" _fЕ. А. Удальцов, И. А. Черных, Э. В. Линд _gМинистерство науки и высшего образования Российской Федерации, Новосибирский государственный технический университет |
|
| 203 |
_aТекст _bвизуальный _cнепосредственный |
||
| 210 |
_aНовосибирск _cИзд-во НГТУ _d2024 |
||
| 215 |
_a104, [1] с. _cил., табл. |
||
| 320 | _aБиблиогр.: с. 100-103 (42 назв.) | ||
| 606 | 1 |
_aРаботающее население _jУчебные издания для высших учебных заведений _xЗдоровье _xОхрана _92263944 _3RU\NLR\AUTH\6601586903 |
|
| 606 | 1 |
_aРаботающее население _jУчебные издания для высших учебных заведений _xПрофессиональные болезни _xПрофилактика _92516197 _3RU\NLR\AUTH\6601706053 |
|
| 606 | 1 |
_aПрофессиональные болезни _jУчебные издания для высших учебных заведений _xМедико-социальная экспертиза _92390429 _3RU\NLR\AUTH\661425584 |
|
| 606 | 1 |
_aОхрана труда _jУчебные издания для высших учебных заведений _91241403 _3RU\NLR\AUTH\66189841 |
|
| 686 | 1 | _aР124.4я73 | |
| 686 | 1 | _aР11(2)7я73 | |
| 686 | 1 | _aР11(2)339.41,7я73 | |
| 686 | 1 | _aУ24(2)7я73 | |
| 700 | 1 |
_aУдальцов _bЕ. А. _gЕвгений Анатольевич |
|
| 701 | 1 |
_aЧерных _bИ. А. _gИрина Алексеевна |
|
| 701 | 1 |
_aЛинд _bЭ. В. _gЭльвира Владимировна |
|
| 942 | _cBOOK | ||
| 980 | _aNB | ||